Esperanza y problemas de los ancianos
Guardat en:
| Format: | Llibre |
|---|---|
| Idioma: | espanyol |
| Publicat: |
Beijing
Beijing Informa
1986
|
| Col·lecció: | China Avanza, 8
|
| Matèries: | |
| Etiquetes: |
Afegir etiqueta
Sense etiquetes, Sigues el primer a etiquetar aquest registre!
|
MARC
| LEADER | 00000nam a2200000 a 4500 | ||
|---|---|---|---|
| 001 | UCU1182 | ||
| 003 | CL-VaPUC | ||
| 008 | 960329e19860000CH |||||||||||||||||spa|d | ||
| 082 | 0 | 4 | |a 362.6 |b ESP |2 21 |
| 245 | 1 | 0 | |a Esperanza y problemas de los ancianos |
| 300 | |a 31 p | ||
| 942 | |c BK | ||
| 945 | |d 19960329 00:00:00 |a paguirre | ||
| 260 | |a Beijing |b Beijing Informa |c 1986 | ||
| 650 | 0 | |a Ancianos |9 307293 | |
| 650 | 0 | |a Problemas sociales |9 258537 | |
| 650 | 7 | |a DERECHOS DE LOS ANCIANOS |2 CL-VaPUC |9 335035 | |
| 650 | 7 | |a GERONTOLOGIA |2 CL-VaPUC |9 309824 | |
| 583 | |a last modification |c 19960329 00:00:00 |k Rodrigo Vera | ||
| 490 | 0 | |a China Avanza, 8 | |
| 999 | |c 245894 |d 245892 | ||
| 952 | |0 0 |1 0 |4 0 |6 362_600000000000000_ESP_1986 |7 0 |8 P |9 260520 |a BIBEDU |b BIBEDU |c BIBEDU_PB |d 2019-11-19 |i 2011506 |o 362.6 ESP 1986 |p 2011506 |r 2024-01-25 |w 2019-11-19 |y BK |k EDU | ||